[Event "Grand Prix Riga 2019"]
[Site "Riga"]
[Date "2019.07.13"]
[Round "1.1"]
[White "Giri, Anish"]
[Black "Karjakin, Sergey"]
[Result "1/2-1/2"]
[WhiteElo "2779"]
[BlackElo "2748"]
[Annotator "TA"]
[PlyCount "59"]
[EventDate "2019.07.10"]
[EventType "k.o."]
[EventCountry "LAT"]
[SourceTitle "playchess.com"]
[Source "ChessBase"]
[SourceQuality "1"]

{[%evp 13,59,9,12,12,14,12,23,31,28,22,35,34,20,24,24,32,29,25,31,25,24,20,33,19,36,25,49,22,41,20,12,0,0,0,0,0,0,0,0,0,0,0,0,0,0,0,0,-49]} 1. c4 Nf6 2. g3 e6 3. Bg2 d5 4. d4 Bb4+ 5. Nd2 O-O 6. Ngf3 b6 7. O-O Bb7 8. b3 {E16: Queen's Indian: 4 g3 Bb7 5 Bg2 Bb4+} c5 9. Bb2 Nc6 10. cxd5 {White has an edge.} exd5 11. a3 Bxd2 12. Nxd2 Nxd4 13. Bxd4 cxd4 14. Nf3 {[#]} Qe7 $146 ({Predecessor:} 14... Re8 15. Nxd4 Ne4 {1-0 (49) Matlakov,M (2730)-David,A (2569) Antalya 2017}) 15. Nxd4 Ne4 16. e3 Rac8 17. Qg4 Rc3 18. b4 g6 19. h4 a5 20. Bxe4 (20. Rfd1 {is more complex.} Qe5 21. Bxe4 Qxe4 22. Qg5 Kg7 23. bxa5 h6 24. Qf4) 20... dxe4 21. bxa5 bxa5 {The position is equal.} 22. Rfc1 Rxc1+ 23. Rxc1 Qxa3 24. Rc7 Qa1+ 25. Kh2 h5 26. Qf4 Bc8 27. Nc6 {[#] Hoping for Qh6.} Kg7 $1 28. Qxe4 Bf5 29. Qf4 Rc8 {And now ...Rxc7 would win.} 30. Rxc8 {Accuracy: White = 56%, Black = 72%.} (30. Nd4 $5 {[%cal Rd4f5]} Rxc7 31. Nxf5+ (31. Qxc7 Bg4 $15) 31... gxf5 32. Qxc7 $11) 1/2-1/2

[Event "Grand Prix Riga 2019"]
[Site "Riga"]
[Date "2019.07.14"]
[Round "1.1"]
[White "Giri, Anish"]
[Black "Karjakin, Sergey"]
[Result "1/2-1/2"]
[WhiteElo "2779"]
[BlackElo "2748"]
[Annotator "TA"]
[PlyCount "165"]
[EventDate "2019.07.10"]
[EventType "k.o."]
[EventCountry "LAT"]
[SourceTitle "playchess.com"]
[Source "ChessBase"]
[SourceQuality "1"]

{[%evp 18,165,11,10,0,0,10,0,0,6,16,7,8,0,0,0,26,18,29,10,19,31,25,18,20,21,24,27,40,18,12,0,21,0,0,0,0,0,0,0,0,0,0,-248,-18,-47,-39,-37,-37,-53,-51,-35,-35,-35,-35,-52,-20,-23,-21,-30,-23,-22,-24,-159,-141,-139,-39,-74,-74,-72,-77,-132,-130,-198,-199,-194,-188,-174,-170,-170,-185,-301,-288,-266,-242,-202,-87,-87,-87,-87,-87,-87,-87,-87,-87,-87,-87,-87,-87,-87,-87,-87,-87,-87,-80,-80,-8,-8,-8,-80,-62,-62,-62,-63,-62,-62,-57,-79,-79,-75,-76,-118,-118,-118,-8,-14,0,0,0,-62,-63,-72,0,0,0,0,0,-8,-8,-20,-20,-20,-20,-24,-24,-24,-24,-24,-24,-24]} 1. c4 e5 2. g3 Nf6 3. Bg2 d5 4. cxd5 Nxd5 5. Nc3 Nb6 6. Nf3 Nc6 7. O-O Be7 8. d3 O-O 9. a3 Be6 10. Be3 Nd5 {A29: English Opening: Four Knights Variation with 4 g3} 11. Nxd5 Bxd5 12. Qa4 a6 {The position is equal.} 13. Rac1 Re8 14. Rfe1 {[#]} h6 $146 ({Predecessor:} 14... Bf8 15. Ng5 h6 16. Bxd5 Qxd5 17. Qe4 Qxe4 18. Nxe4 Rac8 19. Bc5 f5 20. Nd2 Bxc5 21. Rxc5 {1-0 (48) Tomashevsky,E (2738)-Kramnik,V (2801) Moscow 2012}) 15. Nd2 Bxg2 16. Kxg2 Qd5+ 17. Qe4 Rad8 18. Rc2 f5 (18... Qe6 {keeps more tension.} 19. Rec1 Rd5 20. Qc4 Red8 21. Qb3 Qc8) 19. Qxd5+ Rxd5 20. Rec1 Bd6 21. Nc4 Kf7 22. f3 h5 23. Bf2 g6 24. Rc3 Be7 25. e4 Rd7 26. Kf1 Bg5 27. R1c2 Red8 28. Ke2 fxe4 29. fxe4 Ke6 30. b4 $2 {[#]} (30. h4 $11 {and White is okay.} Bh6 31. Rb3) 30... Rf7 $2 (30... Nd4+ $1 $19 31. Bxd4 exd4) 31. Nb2 Rdf8 32. Nd1 {[#]} Rxf2+ $1 {[%mdl 512]} 33. Nxf2 Nd4+ {[%mdl 64] Double Attack} 34. Ke1 Nxc2+ 35. Rxc2 $15 {[%mdl 4096] Endgame KRB-KRN} c6 36. Nd1 Ra8 37. Nc3 b5 38. Ne2 Kd6 39. d4 Re8 40. dxe5+ (40. d5 $11 cxd5 41. Nc3) 40... Rxe5 $17 41. Nc3 c5 ({Black should try} 41... Re6 $17 42. Ke2 Ke5) 42. Ke2 c4 43. a4 bxa4 44. h4 ({White should play} 44. Nxa4 Rxe4+ 45. Kf3) 44... Bh6 45. Ra2 (45. Nxa4 $17 {was worth a try.} Rxe4+ 46. Kf3) 45... a5 $19 46. Rxa4 axb4 47. Rxb4 Kc5 48. Rb7 Kd4 49. Nb5+ (49. Nd1 {might work better.}) 49... Kxe4 50. Rb8 Kd5+ 51. Kf2 Kc5 (51... Be3+ $19 {is more deadly.} 52. Kf3 Bd2 53. Rd8+ Kc5) 52. Na3 $17 c3 {Threatens to win with ...Rd5.} 53. Rc8+ {[#]} Kb4 $1 {[%cal Rb4b3]} 54. Nc2+ Kb3 55. Nd4+ Kb2 {And now ...Be3+ would win.} 56. Rb8+ Kc1 {Hoping for ...Be3+.} 57. Ne2+ Kc2 {Strongly threatening ...Be3+.} 58. Rc8 Bd2 59. Rc6 g5 60. hxg5 Rxg5 61. Kf3 Kb2 (61... Re5 $17 {...Re3+ is the strong threat.} 62. Rc7 Re3+ 63. Kf2 Re8 64. Nxc3 Rf8+ 65. Kg2 Bxc3) 62. Rb6+ $11 Ka3 {Black wants to play ...Rc5.} (62... Ka2 {seems wilder.} 63. Ke4 c2 64. Rc6 Kb2 65. Rb6+ Ka3) 63. Nd4 (63. Ke4 $11 {remains equal.}) 63... Re5 64. Nc2+ Ka4 65. Rb4+ Ka5 66. Rh4 Rf5+ 67. Ke4 Rg5 68. Kf3 Kb5 69. g4 hxg4+ 70. Rxg4 Rh5 (70... Rxg4 $17 71. Kxg4 Bh6) 71. Ke2 Rh2+ 72. Kd3 Rh3+ 73. Ke2 (73. Kd4 $11) 73... Kc5 $15 74. Nb4 Kd6 (74... Be3 $17) 75. Kd1 $11 Rh2 76. Rc4 Ke5 77. Kc2 Rg2 78. Rxc3 (78. Kb3 {is interesting.} Rg8 79. Rc5+ Kd6 80. Rc6+ Kd7 81. Rc4) 78... Bxc3+ 79. Kxc3 Ke4 80. Nc2 Rg3+ {Black has an edge.} 81. Kc4 Rg8 82. Nb4 Rc8+ 83. Kb5 {Accuracy: White = 49%, Black = 55%.} 1/2-1/2

[Event "Grand Prix Riga 2019"]
[Site "Riga"]
[Date "2019.07.14"]
[Round "1.1"]
[White "Giri, Anish"]
[Black "Karjakin, Sergey"]
[Result "1-0"]
[WhiteElo "2779"]
[BlackElo "2748"]
[Annotator "TA"]
[PlyCount "101"]
[EventDate "2019.07.10"]
[EventType "k.o."]
[EventCountry "LAT"]
[SourceTitle "playchess.com"]
[Source "ChessBase"]
[SourceQuality "1"]

{[%evp 14,101,31,31,31,35,31,30,30,37,30,42,30,25,27,29,35,36,25,21,28,0,0,0,0,0,0,0,0,1,27,34,42,32,37,27,35,33,75,72,60,76,100,114,60,6,235,211,418,439,421,433,436,427,443,455,439,437,607,598,580,572,582,582,711,684,710,713,681,617,585,543,393,205,863,714,724,683,752,725,744,734,837,825,1026,1027,4727,4670,1923,1722]} 1. c4 Nf6 2. Nf3 e6 3. g3 d5 4. Bg2 dxc4 5. Qa4+ Nbd7 6. Qxc4 a6 7. Qc2 c5 8. Nc3 Qc7 {A13: English Opening: 1...e6} 9. O-O $146 ({Predecessor:} 9. d4 b6 10. Bf4 Bd6 11. Bxd6 Qxd6 12. O-O {½-½ (30) Adams,M (2715)-Karjakin,S (2760) London 2017}) 9... b6 10. d4 Bb7 {White has an edge.} 11. Bf4 Bd6 12. Bxd6 Qxd6 13. Rfd1 O-O 14. e4 {Hoping for e5.} cxd4 15. Nxd4 {And now e5! would win.} Qc7 16. Rac1 Rad8 17. f4 {e5 is the strong threat.} e5 $1 {[%cal Re5d4]} 18. Nd5 Qxc2 19. Nxc2 exf4 20. gxf4 Nc5 21. Nce3 Bxd5 22. exd5 Rfe8 23. Nc4 Ncd7 24. Bf3 Ne4 25. d6 f5 26. b4 Re6 27. a4 Kf8 {[#]} 28. a5 $1 b5 (28... bxa5 $16 29. Nxa5 Nxd6) 29. Nb6 (29. Ne5 $14) 29... Ndf6 $2 (29... Nxd6 $11 {and Black stays safe.} 30. Rc7 Rg6+ 31. Kf1 Nf6) 30. d7 $18 g5 $2 (30... Rd6 {is a better defense.} 31. Rxd6 Nxd6) 31. fxg5 Nxg5 32. Bb7 Ke7 33. Bxa6 Re2 34. Bb7 Nfe4 35. Rd3 Rg8 {[#]} 36. d8=Q+ $1 {[%mdl 512]} Rxd8 37. Rc7+ Kf6 38. Bxe4 Rg8 39. Nd7+ Ke7 40. Nc5+ Kf6 41. Rc6+ Ke5 42. Rd5+ Kf4 {( -> ...Nh3+!)} 43. Kf1 (43. Rxf5+ $142 Ke3 44. Kf1 (44. Bg2 {gets mated.} Re1+ 45. Rf1 Nh3+ 46. Kh1 Rxf1+ {[%mdl 64] Back Rank} 47. Bxf1 Rg1#)) 43... Ra2 $2 (43... Nxe4 44. Rxf5+ (44. Kxe2 Nc3+ 45. Kf2 Nxd5 $14) 44... Kxf5 45. Kxe2 Nc3+ 46. Kf3 Nd5) 44. Bc2 {White is clearly winning.} Rxc2 {[#]} 45. Ne6+ $1 {[%mdl 64] Discovered Attack} Nxe6 46. Rxc2 {KRR-KRN} Ke4 47. Rxb5 Nd4 48. Rc4 f4 49. a6 {[%cal Ba5a6,Ba6a7][%mdl 32]} Kd3 {[#]} 50. Rxd4+ $1 Kxd4 51. a7 {Accuracy: White = 79%, Black = 48%.} 1-0

[Event "Grand Prix Riga 2019"]
[Site "Riga"]
[Date "2019.07.12"]
[Round "1.1"]
[White "Karjakin, Sergey"]
[Black "Giri, Anish"]
[Result "1/2-1/2"]
[WhiteElo "2748"]
[BlackElo "2779"]
[Annotator "TA"]
[PlyCount "31"]
[EventDate "2019.07.10"]
[EventType "k.o."]
[EventCountry "LAT"]
[SourceTitle "playchess.com"]
[Source "ChessBase"]
[SourceQuality "1"]

{[%evp 11,31,0,4,0,10,4,12,0,0,0,12,0,7,0,12,0,6,3,6,7,18,3]} 1. e4 e5 2. Nf3 Nc6 3. Bb5 Nf6 4. d3 Bc5 5. O-O Nd4 6. Nxd4 Bxd4 {The position is equal.} 7. Ba4 {C65: Ruy Lopez: Berlin Defence (3...Nf6), unusual lines and 4 0-0 Bc5} O-O 8. c3 Bb6 9. Bg5 h6 10. Bh4 d6 (10... g5 $5 11. Bg3 $8 d6 $11) 11. Nd2 Bg4 $146 (11... g5 $5 12. Bg3 $8 Bg4 $11) ({Predecessor:} 11... g5 12. Bg3 Bg4 13. Qe1 Nh5 14. Bd1 Bxd1 15. Qxd1 Nxg3 16. hxg3 {½-½ (47) Caruana,F (2828)-Robson,R (2667) chess.com INT 2019}) 12. Qe1 Be6 (12... g5 $5 {[%cal Rg5h4]} 13. Bg3 Be6 $11) 13. Bb3 Bxb3 14. axb3 Qe7 (14... g5 $5 15. Bg3 $8 Nd7 $11) 15. Nc4 Qe6 16. Bxf6 1/2-1/2

[Event "Grand Prix Riga 2019"]
[Site "Riga"]
[Date "2019.07.14"]
[Round "1.1"]
[White "Karjakin, Sergey"]
[Black "Giri, Anish"]
[Result "1/2-1/2"]
[WhiteElo "2748"]
[BlackElo "2779"]
[Annotator "TA"]
[PlyCount "57"]
[EventDate "2019.07.10"]
[EventType "k.o."]
[EventCountry "LAT"]
[SourceTitle "playchess.com"]
[Source "ChessBase"]
[SourceQuality "1"]

{[%evp 18,57,25,24,21,18,14,15,27,10,12,12,14,9,9,5,14,16,12,13,22,20,15,14,9,8,0,0,0,-10,-15,-25,-19,-24,0,0,0,-6,0,0,4,4]} 1. e4 e5 2. Nf3 Nc6 3. Bb5 Nf6 4. O-O Nxe4 5. Re1 Nd6 6. Nxe5 Be7 7. Bf1 Nxe5 8. Rxe5 O-O 9. d4 Bf6 10. Re1 Re8 {C67: Ruy Lopez: Berlin Defence: 4 0-0 Nxe4} 11. c3 Rxe1 12. Qxe1 Nf5 13. a4 $146 ({Predecessor:} 13. Bf4 d6 14. Nd2 Be6 15. Ne4 Be7 16. Qd2 c6 17. Bd3 Qd7 18. Ng5 Bxg5 19. Bxg5 h6 20. Bf4 g5 21. Bxf5 Bxf5 22. Bg3 d5 23. Re1 {½-½ (23) Nepomniachtchi,I (2763)-Radjabov,T (2757) Wijk aan Zee 2019}) 13... d5 14. a5 c6 15. Nd2 {[%cal Bb1d2,Bd2b3,Bb3c5][%mdl 32]} Nd6 16. Nb3 Bf5 17. Bf4 Rc8 18. Nc5 b6 19. axb6 axb6 20. Nd3 h6 21. Be5 Be7 22. b3 Bf8 23. Bf4 c5 24. dxc5 bxc5 25. h3 c4 26. bxc4 {The position is equal.} Nxc4 27. Ne5 Nxe5 28. Bxe5 Ra8 29. Rxa8 {Accuracy: White = 71%, Black = 71%.} 1/2-1/2

[Event "Grand Prix Riga 2019"]
[Site "Riga"]
[Date "2019.07.14"]
[Round "1.1"]
[White "Karjakin, Sergey"]
[Black "Giri, Anish"]
[Result "1-0"]
[WhiteElo "2748"]
[BlackElo "2779"]
[Annotator "TA"]
[PlyCount "91"]
[EventDate "2019.07.10"]
[EventType "k.o."]
[EventCountry "LAT"]
[SourceTitle "playchess.com"]
[Source "ChessBase"]
[SourceQuality "1"]

{[%evp 15,91,0,14,6,11,23,20,20,15,5,25,31,22,32,32,0,7,2,72,68,66,76,76,61,187,187,166,184,188,190,192,181,176,177,223,143,131,159,127,14,131,129,131,129,122,122,122,122,114,81,71,63,114,114,158,143,264,154,149,148,170,149,173,159,185,189,385,375,362,216,502,481,633,629,621,616,604,431]} 1. e4 c5 2. Nf3 d6 3. d4 cxd4 4. Nxd4 Nf6 5. Nc3 a6 6. Bd3 e5 7. Nde2 Be7 8. O-O O-O 9. Ng3 {B90: Sicilian Najdorf: Unusual White 6th moves, 6 Be3 Ng4 and 6 Be3 e5} Bg4 (9... Be6 10. Nd5 Bxd5 11. exd5 g6 12. c4 Nbd7 13. Bh6 Re8 14. Rc1 Bf8 15. Bg5 h6 16. Bd2 a5 {1-0 (43) Anand,V (2774)-Keymer,V (2516) Karlsruhe/Baden Baden 2019}) 10. Be2 $146 ({Predecessor:} 10. Qe1 Nbd7 11. h3 Be6 12. Be3 b5 13. a3 Qc7 14. Rd1 Nb6 15. b3 {0-1 (40) Mikus,T (1928)-Sabik,R (1942) Slovakia 2013}) 10... Be6 11. Be3 {The position is equal.} g6 12. a4 Nbd7 13. Qd2 Rc8 14. a5 Re8 15. Nd5 Bxd5 $1 16. exd5 Nc5 (16... h5 $11 {keeps the balance.}) 17. f3 $16 h5 18. b4 Ncd7 19. c4 h4 (19... Nh7 $14) 20. Ne4 $18 h3 21. g3 Nxe4 22. fxe4 Nf6 23. Qd3 Qd7 24. Rac1 Ng4 25. Bb6 Bg5 26. Rc3 Rf8 27. c5 ({Better is} 27. Qb1 $16) 27... dxc5 (27... Be3+ $11 {remains equal.} 28. Kh1 Nf2+ 29. Rxf2 Bxf2) 28. Bxc5 $16 Rxc5 29. bxc5 {Black must now prevent Kh1.} (29. Rxc5 $6 Be3+ 30. Kh1 Nf2+ 31. Rxf2 Bxf2 $11) 29... Be3+ 30. Kh1 Nf2+ 31. Rxf2 $1 Bxf2 32. c6 bxc6 33. dxc6 Qc7 (33... Qxd3 $14 34. Rxd3 (34. Bxd3 Be1 $11) 34... Rc8) 34. Rc1 $36 {[%mdl 2048] Black is under strong pressure.} Bd4 35. Qxa6 Rb8 {[#]} (35... Be3 $16 36. Rb1 Rc8) 36. Bg4 (36. Qc4 $1 $18) 36... Bc3 37. Bxh3 Bxa5 38. Bd7 Kg7 39. Rf1 Rf8 40. Rb1 Qd8 $2 (40... Rd8 {might work better.} 41. Be6 (41. Rb7 Qd6 $18) 41... Rd6) 41. Kg2 Bc7 42. Rb7 Bd6 $2 (42... Qg5 43. Qe2 (43. Rxc7 Qd2+ 44. Kf3 Qc3+ 45. Kg4 Qd2 $18) 43... Qd8) 43. Qd3 $18 {White is clearly winning.} Bb8 44. Qd5 Bc7 45. h4 Rh8 {[#]} 46. Be6 $1 {[%mdl 512] Accuracy: White = 71%, Black = 32%.} 1-0

[Event "Grand Prix Riga 2019"]
[Site "Riga"]
[Date "2019.07.14"]
[Round "1.2"]
[White "So, Wesley"]
[Black "Harikrishna, Pentala"]
[Result "1-0"]
[WhiteElo "2763"]
[BlackElo "2734"]
[Annotator "TA"]
[PlyCount "177"]
[EventDate "2019.07.10"]
[EventType "k.o."]
[EventCountry "LAT"]
[SourceTitle "playchess.com"]
[Source "ChessBase"]
[SourceQuality "1"]

{[%evp 21,177,20,18,4,5,5,0,13,14,11,6,0,34,26,95,95,100,105,108,125,196,217,183,197,222,0,0,0,237,211,221,219,191,195,165,174,175,141,171,204,147,147,163,0,0,0,0,0,0,-12,0,0,92,0,0,0,10,-30,0,0,82,0,0,-29,25,28,25,33,50,50,50,50,50,50,50,30,30,30,44,46,30,23,34,23,50,50,50,50,50,50,54,30,30,30,30,30,30,30,30,30,76,76,83,30,30,30,30,0,30,30,30,30,30,0,80,80,110,110,110,110,110,110,110,110,110,110,110,110,110,110,110,110,110,110,272,271,294,291,277,277,276,247,303,303,415,408,516,516,514,502,422,295,784,784,777,762,29979,29980]} 1. e4 e5 2. Nf3 Nc6 3. Bc4 Bc5 4. c3 Nf6 5. d3 d6 6. O-O a6 7. Re1 Ba7 8. Bb3 h6 9. Nbd2 {[%cal Bb1d2,Bd2f1,Bf1g3][%mdl 32]} O-O 10. h3 Re8 11. Nf1 Be6 12. Bc2 {C54: Giuoco Piano: 4 c3 Nf6, main lines with 5 d4 and 5 d3} (12. Be3 Bxe3 13. Nxe3 Bxb3 14. Qxb3 Qd7 15. Nd5 Nxd5 16. Qxd5 Qe6 17. Qxe6 fxe6 18. b4 Kf7 19. a4 Ke7 20. Nd2 Kd7 21. f3 Rf8 {½-½ (21) Vocaturo,D (2630)-Laznicka,V (2668) Germany 2019}) 12... d5 13. Qe2 b5 14. Rd1 {The position is equal.} Qe7 15. Ng3 {[#]} Rad8 $146 ({Predecessor:} 15... d4 16. Bb3 Nd7 17. Bxe6 fxe6 18. Bd2 Rf8 {½-½ (18) Abrahamyan,T (2377)-Ringoir,T (2516) Burlingame 2019}) 16. exd5 Nxd5 17. Qe4 $1 Nf6 (17... Rd6 $11) 18. Qxc6 $16 Bb6 19. d4 e4 20. Ne5 (20. Nxe4 $6 Bd5 $11) 20... Rd6 (20... Bd5 $16) 21. Qb7 $18 (21. Nxe4 Rxc6 22. Nxc6 Qd7 $11) 21... Bc8 22. Qa8 Bd7 23. Qb7 $2 (23. Qxa6 $18 Bxd4 24. Qxd6 {[%mdl 64] Remove Defender} cxd6 25. Nxd7 Bxf2+ 26. Kxf2 e3+ 27. Kg1 Qxd7 28. a4) 23... Bc8 $11 24. Qa8 $2 (24. Qb8 $11 Be6 25. Qb7 {[%mdl 64] Double Attack} Bc8) 24... Bd7 $1 $18 25. Qxa6 ({But not} 25. Qb7 $6 Bc8 $16) 25... Bxd4 26. Qxd6 $1 {[%mdl 64] Double Attack} Bxf2+ 27. Kxf2 cxd6 28. Nxd7 e3+ 29. Kg1 {And now Nxf6+ would win.} Qxd7 30. Re1 Qa7 31. Nf5 {[%cal Rc1e3]} Nd5 32. Bb3 $2 ({Resist} 32. Nxd6 Nf4 $16) (32. Kh2 $18) 32... e2+ $11 33. Nd4 {[%mdl 64] [#] Double Attack} Nb4 $1 {[%mdl 512]} 34. Bf4 (34. cxb4 Qxd4+) 34... Nd3 35. Bg3 Qc5 36. Kh2 Qh5 (36... Nxe1 $11 37. Rxe1 h5) 37. Bc2 (37. a4 $1 $16) 37... Nxe1 38. Rxe1 b4 39. Bf5 bxc3 40. bxc3 Re3 {[#]} (40... Qg5 $11 {remains equal.}) 41. Bg4 ({White should play} 41. Bf2 $1 $16 {[%cal Rf2e3]} Re8 42. h4 (42. g4 Qg5 $11)) 41... Qa5 42. Rxe2 Rxg3 (42... Qxc3 $142 43. Nb5 Qd3 44. Rxe3 Qxe3) 43. Kxg3 Qxc3+ 44. Nf3 d5 45. Bf5 {[%cal Re2e8]} g6 {Threatens to win with ...Qc7+.} 46. Bc2 Qc7+ 47. Kf2 {Bb3 is the strong threat.} Qa7+ 48. Kf1 {Hoping for Bb3.} Qxa2 49. Rd2 Qa6+ 50. Bd3 Qa1+ 51. Ke2 Kg7 52. Rd1 Qb2+ 53. Kf1 Qb3 54. Be2 h5 55. Nd4 Qa4 56. h4 Kf6 57. g3 Kg7 58. Rd3 Qa1+ 59. Kg2 Qb2 60. Kf2 Qb6 61. Bf3 Qc5 62. Kg2 (62. Rd1 $16) 62... Qc4 63. Rd2 Qb4 $1 {[%cal Rb4d2]} 64. Rd3 Qc4 65. Be2 Qa2 66. Kf2 Qa7 67. Bf3 Qc5 68. Rd1 Qa5 {[#]} 69. Ne2 $1 Qb6+ 70. Kg2 Qb2 71. Rxd5 Qc2 72. Rd7 Qb2 73. Rc7 Qa2 74. Rb7 Qc2 75. Re7 Kf8 76. Re4 Kg7 77. Kh2 Qb2 $2 (77... Qd2 $16 78. Kh3 Qd7+ 79. Kg2 Qd2) 78. Bg2 $18 Qd2 79. Nf4 Kf8 80. Ra4 Qc2 81. Ra7 Ke8 82. Ra8+ Ke7 83. Nd5+ Kd6 84. Ra7 Qf2 85. Ra6+ Ke5 86. Nf4 {Nd3+ would kill now.} Kf5 $2 (86... Qd4 87. Nh3 Qc4) 87. Nh3 Qd2 88. Ng5 f6 {[#]} 89. Rxf6+ $1 {[%mdl 512] Accuracy: White = 69%, Black = 43%.} 1-0

[Event "Grand Prix Riga 2019"]
[Site "Riga"]
[Date "2019.07.12"]
[Round "1.2"]
[White "So, Wesley"]
[Black "Harikrishna, Pentala"]
[Result "1/2-1/2"]
[WhiteElo "2763"]
[BlackElo "2734"]
[Annotator "TA"]
[PlyCount "90"]
[EventDate "2019.07.10"]
[EventType "k.o."]
[EventCountry "LAT"]
[SourceTitle "playchess.com"]
[Source "ChessBase"]
[SourceQuality "1"]

{[%evp 11,90,12,26,18,20,22,26,11,26,12,22,20,21,24,16,9,11,8,12,16,18,16,25,13,24,18,17,9,16,10,6,0,0,0,0,-21,-35,-18,-20,-37,-38,-18,0,0,78,73,70,71,133,131,139,139,340,316,345,344,344,331,288,328,340,291,323,299,237,0,0,0,0,0,0,0,0,0,0,0,0,0,0,0,0]} 1. e4 e5 2. Nf3 Nc6 3. Bc4 Bc5 4. c3 Nf6 5. d3 d6 6. O-O a6 7. Re1 {C54: Giuoco Piano: 4 c3 Nf6, main lines with 5 d4 and 5 d3} (7. a4 h6 8. Nbd2 O-O 9. Re1 Re8 10. Nf1 Ba7 11. Ng3 Be6 12. Bxe6 Rxe6 13. b4 d5 14. Qb3 Qd7 15. h3 Rd8 {0-1 (76) Yu,Y (2751)-Harikrishna,P (2723) Shenzhen 2019}) 7... Ba7 8. a4 O-O 9. h3 {White has an edge.} h6 10. Nbd2 {[%cal Bb1d2,Bd2f1,Bf1e3,Be3d5][%mdl 32]} Re8 11. b4 $146 ({Predecessor:} 11. Nf1 Be6 12. Bxe6 Rxe6 13. Be3 Bxe3 14. Nxe3 Qd7 {0-1 (40) Kravtsiv,M (2641)-Parligras,M (2645) Hungary 2019}) 11... Be6 12. Bxe6 Rxe6 13. Qc2 Qd7 14. Nf1 d5 15. Be3 Bxe3 16. Nxe3 Rd8 17. b5 Ne7 18. c4 d4 19. Nd5 Ng6 {[%cal Rf6d5]} 20. Rab1 axb5 21. Rxb5 c6 22. Nb6 $1 $36 {[%cal Rb6d7][%mdl 2048] Black is under pressure.} Qe7 23. Rbb1 Nh5 {And now ...Nh4 would win.} 24. g3 Rf6 25. Qd1 Ngf4 26. gxf4 Nxf4 27. Kh2 $1 Rg6 (27... Qe6 $11 {remains equal.} 28. Ng1 Rg6) 28. Rg1 $16 Rxg1 29. Nxg1 Rd6 (29... Qa3 $142) 30. Nc8 Qh4 31. Qf3 Rg6 $2 (31... Rd8 $16) 32. Rxb7 $18 Rg2+ 33. Qxg2 $1 Nxg2 34. Kxg2 Qg5+ 35. Kh1 Qd2 36. a5 Qxa5 37. Ne7+ Kh7 {[#]} 38. Nxc6 $2 ({Only move:} 38. Nf5 $1 $18) 38... Qa6 $11 {The position is equal.} 39. Nd8 Qa3 40. Nxf7 Qxd3 41. Nd6 Qc2 $1 {Threatens to win with ...d3.} 42. Rd7 Qa4 (42... d3 $5 43. Nf5 $8 Qxc4 $11) 43. Re7 d3 44. Nf3 $1 d2 {[%mdl 64] [#] Decoy} 45. Nxd2 Qd1+ {Accuracy: White = 69%, Black = 70%.} 1/2-1/2

[Event "Grand Prix Riga 2019"]
[Site "Riga"]
[Date "2019.07.14"]
[Round "1.2"]
[White "Aronian, Levon"]
[Black "Yu, Yangyi"]
[Result "1/2-1/2"]
[WhiteElo "2756"]
[BlackElo "2736"]
[Annotator "TA"]
[PlyCount "118"]
[EventDate "2019.07.10"]
[EventType "k.o."]
[EventCountry "LAT"]
[SourceTitle "playchess.com"]
[Source "ChessBase"]
[SourceQuality "1"]

{[%evp 17,118,18,32,21,28,28,33,22,22,25,25,15,39,41,4,21,60,9,17,-14,-26,0,0,-29,-14,-34,-16,-31,-29,-39,-30,-33,-33,-33,-22,-41,0,0,5,0,8,8,10,0,0,0,0,0,0,0,0,0,0,0,0,0,0,0,0,0,64,64,64,64,64,64,64,64,64,55,55,55,55,55,55,55,64,64,86,0,55,55,55,55,86,86,86,0,64,0,64,0,64,0,0,0,0,0,0,0,0,-29975,0]} 1. c4 c6 2. Nf3 d5 3. e3 Nf6 4. d4 g6 5. Nc3 Bg7 6. Be2 O-O 7. O-O dxc4 8. Bxc4 Bg4 9. Be2 Nbd7 10. e4 {D94: Grünfeld: 4 Nf3 Bg7 5 e3} Bxf3 11. Bxf3 e5 12. d5 {White is slightly better.} (12. dxe5 Nxe5 13. Be2 Qe7 14. Qc2 Rfd8 15. h3 c5 16. Bg5 Nc6 17. Rae1 h6 {½-½ (28) Cheparinov,I (2703)-Mamedov,R (2680) Kocaeli 2017}) 12... cxd5 13. exd5 Re8 {[#]} 14. Bg5 $146 ({Predecessor:} 14. Re1 Nc5 15. Be3 Rc8 16. Rc1 e4 17. Be2 a6 {½-½ (56) Kazhgaleyev,M (2576)-Kuderinov,K (2465) Dushanbe 2013}) 14... h6 15. Be3 e4 16. Be2 Nb6 {[%cal Rf6d5]} 17. Qb3 (17. d6 $1 $14) 17... Nfxd5 $11 18. Rad1 {[%cal Rc3d5] [#]} Nxc3 $1 {[%mdl 512]} 19. bxc3 Qc7 20. Bb5 Red8 21. c4 Nd7 22. Bxd7 Rxd7 23. Bf4 Qc6 24. Rxd7 Qxd7 25. Rd1 Qg4 26. Be3 Rc8 27. h3 Qe6 28. Qxb7 Qxc4 29. Qxa7 Qe2 30. Rb1 Qd3 31. Re1 Qd5 32. Qa4 Ra8 33. Qb3 Qxb3 34. axb3 {[%mdl 4096] Endgame KRB-KRB} Rb8 35. Rb1 f5 36. Kf1 Kf7 37. b4 Rb5 38. Bc5 f4 (38... Be5 $11) 39. Re1 $14 e3 $1 40. fxe3 Bc3 41. Rb1 ({Much worse is} 41. exf4 Bxe1 42. Kxe1 Ke6 $15) 41... fxe3 $1 42. Ke2 Bd2 $1 43. Kd3 Ke6 44. Bxe3 Rxb4 45. Rxb4 Bxb4 46. Bxh6 {KB-KB} Kf7 47. Ke4 Be7 48. Kd5 (48. Be3 $16) 48... Bf6 (48... g5 $11) 49. Bf4 Be7 50. Be5 Bf8 51. Ke4 Be7 52. h4 (52. Bd4 $16) 52... Bd8 (52... Bxh4 $11 53. Kd5 Bf6) 53. Bd6 (53. g3 $14) 53... Ke6 (53... Bxh4 $11 54. Bf4 Kf6) 54. Bc5 ({White must play} 54. Bg3 $14) 54... Bc7 ({Better is} 54... Bxh4 $11 55. Be3 Be7) 55. Kd4 (55. Kf3 $14) 55... Bg3 $11 56. h5 gxh5 57. Bf8 Kf7 58. Bh6 Kg6 59. Ke4 $2 {[%mdl 8192] [#]} (59. Be3 $11) 59... Bh4 $2 {Accuracy: White = 64%, Black = 48%.} (59... Kxh6 {mates} 60. Kf5 h4 61. Kg4 Kg6 62. Kh3 Kf7 63. Kg4 Kg6 64. Kh3 Kf6 65. Kg4 Ke6 66. Kf3 Kf5 67. Ke2 Kf4 68. Kf1 Bh2 69. Ke2 Bg1 70. Kf1 Bc5 71. Ke1 Kg3 72. Kd2 Kxg2 73. Kd3 h3 74. Kc3 h2 75. Kc4 Bf2 76. Kd5 h1=Q 77. Ke5 Qd1 78. Ke6 Qd8 79. Ke5 Bd4+ 80. Kf5 Qd5+ 81. Kf4 Bc3 82. Kg4 Bf6 83. Kf4 Qf3#) 1/2-1/2